[Event "SVK-ch U12"]
[Site "Stara Lubovna"]
[Date "2022.05.26"]
[Round "7"]
[White "Dolnik, Michal"]
[Black "Slivka, Martin"]
[Result "1-0"]
[WhiteElo "1548"]
[BlackElo "1000"]
[PlyCount "85"]
[EventDate "2022.05.21"]
[EventType "swiss"]
[EventRounds "9"]
[EventCountry "SVK"]
[SourceTitle "CBM 208 Extra"]
[Source "ChessBase"]
[SourceDate "2022.07.31"]
[SourceVersion "1"]
[SourceVersionDate "2022.07.31"]
[SourceQuality "1"]

1. b3 e5 2. Bb2 Nc6 3. e4 Bc5 4. Nf3 d6 5. Bc4 Nf6 6. Nc3 Be6 7. Be2 0-0 8. 0-0 Qd7 9. Nh4 Bd4 10. Nf5 Bxf5 11. exf5 Qxf5 12. h3 Qd7 13. Kh1 Rfe8 14. f4 Bxc3 15. Bxc3 Ne4 16. Qe1 Nd4 17. Bg4 Qc6 18. Bxd4 exd4 19. Bf3 d5 20. Bxe4 dxe4 21. Rc1 f5 22. Qg3 Re6 23. c3 Rg6 24. Qf2 e3 25. dxe3 dxe3 26. Qe2 Rd8 27. Rfd1 Rxd1+ 28. Rxd1 Qxc3 29. Rd3 Qc6 30. Rxe3 h6 31. Re5 Qc1+ 32. Qe1 Qxf4 33. Re8+ Kh7 34. Ra8 Qe4 35. Qg1 a6 36. Rc8 Qc6 37. Qf2 Qc5 38. Qxc5 Rc6 39. Qxf5+ Rg6 40. Rxc7 b6 41. Rc6 b5 42. Qxg6+ Kg8 43. Rc8# 1-0

[Event "SVK-ch U12"]
[Site "Stara Lubovna"]
[Date "2022.05.23"]
[Round "4"]
[White "Stavac, Teodor"]
[Black "Slivka, Martin"]
[Result "0-1"]
[WhiteElo "1000"]
[BlackElo "1000"]
[PlyCount "72"]
[EventDate "2022.05.21"]
[EventType "swiss"]
[EventRounds "9"]
[EventCountry "SVK"]
[SourceTitle "CBM 208 Extra"]
[Source "ChessBase"]
[SourceDate "2022.07.31"]
[SourceVersion "1"]
[SourceVersionDate "2022.07.31"]
[SourceQuality "1"]

1. e4 e5 2. Nf3 Nc6 3. Bb5 d6 4. d4 Bd7 5. Nc3 Be7 6. Be3 Nf6 7. d5 Nb4 8. a3 Bxb5 9. Nxb5 Na6 10. 0-0 Nxe4 11. Nc3 Nxc3 12. bxc3 Nc5 13. Bxc5 dxc5 14. Nxe5 0-0 15. c4 Bd6 16. Re1 Re8 17. Ng4 Qd7 18. Rxe8+ Rxe8 19. Rb1 Bf8 20. Rxb7 Qxg4 21. Rb1 Qxd1+ 22. Rxd1 Re4 23. Rc1 Rxc4 24. f3 Bd6 25. g4 f6 26. c3 Bf4 27. Kf1 Bxc1 28. Ke2 Rxc3 29. a4 Bg5 30. a5 Re3+ 31. Kf2 c4 32. Kg3 c3 33. h4 Bxh4+ 34. Kxh4 c2 35. f4 c1Q 36. f5 Qh1# 0-1

[Event "SVK-ch U10"]
[Site "Stara Lubovna"]
[Date "2021.06.28"]
[Round "4"]
[White "Sotnik, Simon"]
[Black "Slivka, Martin"]
[Result "0-1"]
[WhiteElo "1000"]
[BlackElo "1000"]
[PlyCount "48"]
[EventDate "2021.06.26"]
[EventType "swiss"]
[EventRounds "9"]
[EventCountry "SVK"]
[SourceTitle "CBM 203 Extra"]
[Source "ChessBase"]
[SourceDate "2021.09.30"]
[SourceVersion "1"]
[SourceVersionDate "2021.09.30"]
[SourceQuality "1"]

1. d4 d5 2. c4 e6 3. e3 Nf6 4. e4 Nxe4 5. cxd5 exd5 6. Bd3 Bb4+ 7. Bd2 Nc6 8. Nf3 0-0 9. 0-0 Bg4 10. Bg5 Qd7 11. Qc2 Rfe8 12. Re1 Bxe1 13. Nc3 Bxc3 14. bxc3 h6 15. h3 hxg5 16. hxg4 Qxg4 17. Re1 Qf4 18. g3 Qxf3 19. Re3 Qf5 20. Qa4 Qxf2+ 21. Kh1 Qxe3 22. Qb3 Rab8 23. Bb5 Qxg3 24. Qxd5 Nf2# 0-1